[Event "Regionalliga SO 9798"]
[Site "Bayern"]
[Date "1998.??.??"]
[Round "?.7"]
[White "Schwab, Andreas"]
[Black "Holzmann, Max"]
[Result "1-0"]
[WhiteElo "1854"]
[BlackElo "1890"]
[PlyCount "77"]
[EventDate "1997.10.19"]
[EventType "team-tourn"]
[EventRounds "9"]
[EventCountry "GER"]
[SourceTitle "EXT 2020"]
[Source "ChessBase"]
[SourceDate "2019.10.17"]
[SourceVersion "1"]
[SourceVersionDate "2019.10.17"]
[SourceQuality "1"]
[WhiteTeam "Ebersberg Grafing"]
[BlackTeam "Straubing SC"]
[WhiteTeamCountry "GER"]
[BlackTeamCountry "GER"]

1. d4 Nf6 2. c4 c5 3. d5 e6 4. Nc3 exd5 5. cxd5 d6 6. e4 g6 7. Nf3 Bg7 8. Be2 0-0 9. 0-0 Re8 10. Qc2 a6 11. a4 b6 12. h3 Ra7 13. Re1 Rae7 14. Bf1 Nh5 15. g4 Nf6 16. Bf4 h5 17. g5 Nh7 18. Nd2 Rb7 19. h4 Bg4 20. f3 Bc8 21. Nc4 Bf8 22. Qh2 f6 23. Bxd6 b5 24. axb5 axb5 25. Bxb8 bxc4 26. Bxc4 fxg5 27. Bg3 Qf6 28. Bb5 Bd7 29. Bxd7 Rxd7 30. e5 Qxf3 31. e6 Rb7 32. d6 gxh4 33. Bxh4 Qg4+ 34. Qg3 Rxe6 35. Qxg4 Rxe1+ 36. Rxe1 hxg4 37. Rd1 Rd7 38. Ne4 Kf7 39. Bg3 1-0

[Event "Regionalliga SO 9798"]
[Site "Bayern"]
[Date "1998.??.??"]
[Round "?.6"]
[White "Schwab, Andreas"]
[Black "Moser, Wolfgang"]
[Result "1/2-1/2"]
[WhiteElo "1854"]
[BlackElo "1758"]
[PlyCount "74"]
[EventDate "1997.10.19"]
[EventType "team-tourn"]
[EventRounds "9"]
[EventCountry "GER"]
[SourceTitle "EXT 2020"]
[Source "ChessBase"]
[SourceDate "2019.10.17"]
[SourceVersion "1"]
[SourceVersionDate "2019.10.17"]
[SourceQuality "1"]
[WhiteTeam "Ebersberg Grafing"]
[BlackTeam "Trostberg TSV"]
[WhiteTeamCountry "GER"]
[BlackTeamCountry "GER"]

1. c4 Nf6 2. Nf3 g6 3. g3 Bg7 4. Bg2 0-0 5. Nc3 c6 6. e4 d6 7. 0-0 e5 8. b3 Bg4 9. h3 Bxf3 10. Qxf3 Nbd7 11. Ba3 Nc5 12. b4 Ne6 13. Qd3 b6 14. Rab1 a6 15. Rfc1 Nd4 16. c5 dxc5 17. bxc5 b5 18. Ne2 Nxe2+ 19. Qxe2 Qc7 20. Rb3 Rad8 21. Bb2 a5 22. Rd3 Rxd3 23. Qxd3 Rd8 24. Qc3 Nh5 25. Kh2 Rd4 26. Qe3 Rd7 27. Bf3 Nf6 28. Rd1 Ne8 29. Bg4 Rd8 30. d4 exd4 31. Bxd4 Bxd4 32. Rxd4 Nf6 33. Bf3 Re8 34. Qf4 Qe5 35. Rd8 Qxc5 36. Qxf6 Qxf2+ 37. Kh1 Qf1+ 1/2-1/2

[Event "Regionalliga SO 9697"]
[Site "Bayern"]
[Date "1997.05.04"]
[Round "9"]
[White "Kessler, Horst"]
[Black "Schwab, Andreas"]
[Result "1-0"]
[WhiteElo "1870"]
[BlackElo "2000"]
[PlyCount "77"]
[EventDate "1996.10.13"]
[EventType "team-tourn"]
[EventRounds "9"]
[EventCountry "GER"]
[SourceTitle "EXT 1999"]
[Source "ChessBase"]
[SourceDate "1998.11.16"]
[SourceVersion "1"]
[SourceVersionDate "1998.11.16"]
[SourceQuality "1"]
[WhiteTeam "Unterpfaff Germering"]
[BlackTeam "Ebersberg Grafing"]
[WhiteTeamCountry "GER"]
[BlackTeamCountry "GER"]

1. e4 c6 2. d4 d5 3. Nc3 dxe4 4. Nxe4 Nd7 5. Bc4 Ngf6 6. Ng3 g6 7. Nf3 Bg7 8. 0-0 0-0 9. h3 Nb6 10. Bb3 Qc7 11. Re1 a5 12. a3 a4 13. Ba2 Nbd5 14. c4 Nb6 15. Be3 Rd8 16. Qe2 Nbd7 17. Rad1 e6 18. Qd2 Qa5 19. Qc1 b6 20. Bg5 Re8 21. Bh6 Bh8 22. Ng5 Bg7 23. Bxg7 Kxg7 24. Qf4 Ra7 25. c5 Nf8 26. N3e4 Nxe4 27. Nxe4 Nd7 28. Nd6 Rf8 29. Re3 bxc5 30. Rf3 Qc7 31. dxc5 e5 32. Ne8+ Kh8 33. Rxd7 exf4 34. Rxc7 Rxc7 35. Nxc7 Bf5 36. Rxf4 Kg7 37. Rxa4 Rc8 38. Ra7 Kf6 39. Na6 1-0

[Event "Regionalliga SO 9697"]
[Site "Bayern"]
[Date "1997.02.16"]
[Round "6"]
[White "Schnabel, Hans"]
[Black "Schwab, Andreas"]
[Result "1-0"]
[WhiteElo "1935"]
[BlackElo "1995"]
[PlyCount "81"]
[EventDate "1996.10.13"]
[EventType "team-tourn"]
[EventRounds "9"]
[EventCountry "GER"]
[SourceTitle "EXT 1999"]
[Source "ChessBase"]
[SourceDate "1998.11.16"]
[SourceVersion "1"]
[SourceVersionDate "1998.11.16"]
[SourceQuality "1"]
[WhiteTeam "Freising SK"]
[BlackTeam "Ebersberg Grafing"]
[WhiteTeamCountry "GER"]
[BlackTeamCountry "GER"]

1. d4 f5 2. e4 fxe4 3. Nc3 Nf6 4. f3 exf3 5. Nxf3 e6 6. Bd3 Be7 7. Bg5 0-0 8. Qe2 Nc6 9. a3 d5 10. 0-0 a6 11. Rae1 Qd6 12. Nd1 h6 13. Bh4 Nh5 14. g3 Nf6 15. Bxf6 Bxf6 16. c3 Bd7 17. Bc2 Qe7 18. Nf2 g5 19. Ng4 Qg7 20. Nfe5 Nxe5 21. dxe5 Be7 22. c4 c6 23. Qd3 Rxf1+ 24. Rxf1 Rf8 25. Nf6+ Bxf6 26. exf6 Qf7 27. h4 e5 28. hxg5 hxg5 29. Qe3 Qh5 30. Qxe5 Be8 31. cxd5 cxd5 32. Rf2 g4 33. Rf5 Qf7 34. Qf4 Kh8 35. Qh6+ Qh7 36. Qxf8+ Qg8 37. Qxg8+ Kxg8 38. Rxd5 Kf7 39. Rf5 Bd7 40. Rf4 Be6 41. Bd1 1-0

[Event "Regionalliga SO 9697"]
[Site "Bayern"]
[Date "1997.02.02"]
[Round "5"]
[White "Schwab, Andreas"]
[Black "Stock, Christoph"]
[Result "1/2-1/2"]
[WhiteElo "1995"]
[BlackElo "2045"]
[PlyCount "62"]
[EventDate "1996.10.13"]
[EventType "team-tourn"]
[EventRounds "9"]
[EventCountry "GER"]
[SourceTitle "EXT 1999"]
[Source "ChessBase"]
[SourceDate "1998.11.16"]
[SourceVersion "1"]
[SourceVersionDate "1998.11.16"]
[SourceQuality "1"]
[WhiteTeam "Ebersberg Grafing"]
[BlackTeam "Simbach"]
[WhiteTeamCountry "GER"]
[BlackTeamCountry "GER"]

1. c4 Nf6 2. Nc3 g6 3. g3 Bg7 4. Bg2 d6 5. Nf3 0-0 6. d4 Nbd7 7. Bf4 c6 8. 0-0 Qa5 9. Rb1 e5 10. b4 Qc7 11. Bd2 Re8 12. d5 Nb6 13. Qb3 Bf5 14. Rbc1 Ne4 15. Nxe4 Bxe4 16. Ne1 Bxg2 17. Nxg2 cxd5 18. cxd5 Qd7 19. b5 Rac8 20. a4 Rxc1 21. Rxc1 Rc8 22. Rxc8+ Qxc8 23. a5 Qc4 24. Qxc4 Nxc4 25. Bb4 a6 26. bxa6 bxa6 27. Ne3 Nxe3 28. fxe3 Bf8 29. e4 f5 30. exf5 gxf5 31. e4 Kf7 1/2-1/2

[Event "Regionalliga SO 9495"]
[Site "Bayern"]
[Date "1995.??.??"]
[Round "?.6"]
[White "Martin, Johann"]
[Black "Schwab, Andreas"]
[Result "1-0"]
[WhiteElo "1830"]
[BlackElo "1990"]
[PlyCount "125"]
[EventDate "1994.10.??"]
[EventType "team-tourn"]
[EventRounds "9"]
[EventCountry "GER"]
[SourceTitle "EXT 1999"]
[Source "ChessBase"]
[SourceDate "1998.11.16"]
[SourceVersion "1"]
[SourceVersionDate "1998.11.16"]
[SourceQuality "1"]
[WhiteTeam "Waldkirchen TSV"]
[BlackTeam "Ebersberg Grafing"]
[WhiteTeamCountry "GER"]
[BlackTeamCountry "GER"]

1. d4 Nf6 2. Nf3 e6 3. Bg5 Be7 4. Nbd2 d5 5. e3 0-0 6. Bd3 c5 7. c3 Qb6 8. Rb1 cxd4 9. exd4 Bd7 10. Qe2 h6 11. Bh4 a6 12. 0-0 Qa5 13. a3 b5 14. Ne5 Qc7 15. f4 Nc6 16. g4 Nh7 17. Bxe7 Nxe7 18. Rbe1 Rae8 19. h4 Nc6 20. g5 Nxe5 21. fxe5 Bc8 22. Bxh7+ Kxh7 23. gxh6 Kxh6 24. Rf2 f5 25. Qe3+ Kh7 26. Qf4 Rh8 27. Rg2 Qe7 28. Rg5 Kg8 29. Kf2 Rh7 30. Reg1 a5 31. h5 Qf7 32. h6 Kh8 33. Rxg7 Qh5 34. Rxh7+ Kxh7 35. Rg7+ Kh8 36. Qg3 Qxh6 37. Rg5 f4 38. Qg4 Qh2+ 39. Ke1 Qg3+ 40. Qxg3 fxg3 41. Rxg3 a4 42. Kd1 Re7 43. Kc2 Rc7 44. Nf3 Rg7 45. Rxg7 Kxg7 46. b3 Kg6 47. bxa4 bxa4 48. Ne1 Ba6 49. Nd3 Bb5 50. Nc5 Kf5 51. Kd2 Bc6 52. c4 dxc4 53. Kc3 Kf4 54. Kxc4 Bd5+ 55. Kc3 Ba2 56. Nxa4 Ke4 57. Nc5+ Kd5 58. Nd3 Bb1 59. Nb4+ Ke4 60. Kc4 Ke3 61. Kc5 Ke4 62. a4 Ke3 63. a5 1-0